000 00290nam a22001217a 4500
008 180629b xxu||||| |||| 00| 0 eng d
041 _aeng
080 _a321
100 _a19
101 _aSHP
245 _aQe Shekulli i 21-te te mos nise me nje Bosnje tjeter
_cRoshi, N
942 _2udc
_cBK
999 _c46627
_d46627